| 000 | 00729cab a2200217 4500 | ||
|---|---|---|---|
| 001 | WB2817-03 | ||
| 008 | 090401t1992 xxu||||| |||| 00| 0 eng d | ||
| 035 | _a(Sirsi) u47647 | ||
| 041 | _aeng | ||
| 245 | _aConsultant slams Westminster deal | ||
| 260 | _c1992 | ||
| 350 | _a0 | ||
| 490 |
_aNew Civil Engineer _v(991) 23 April 1992, 7(1) |
||
| 520 | _aAn invitation to tender for planning and transport work by Westminster CC has been condemned by contracts consultant James R Knowles as the `most onerous` seen. | ||
| 650 | _aCOMPULSORY COMPETITIVE TENDERING | ||
| 650 | _aONEROUS CONDITIONS | ||
| 650 | _aTENDER DOCUMENTS | ||
| 690 | _aBUILT ENVIRONMENT-BUILDING CONTRACT FORMS | ||
| 942 | _n0 | ||
| 948 | _c04/03/1997 | ||
| 999 |
_c30034 _d30034 |
||